[Event "Tashkent FIDE GP 2nd"]
[Site "Tashkent"]
[Date "2012.12.02"]
[Round "9"]
[White "Dominguez Perez, Leinier"]
[Black "Mamedyarov, Shakhriyar"]
[Result "1/2-1/2"]
[WhiteElo "2726"]
[BlackElo "2764"]
[Annotator "Marin,M"]
[PlyCount "68"]
[EventDate "2012.11.22"]
[EventType "tourn"]
[EventRounds "11"]
[EventCountry "UZB"]
[EventCategory "20"]
[SourceTitle "CBM 152"]
[Source "ChessBase"]
[SourceDate "2013.01.15"]
[SourceVersion "1"]
[SourceVersionDate "2013.01.15"]
[SourceQuality "1"]

1. c4 ({In order to evaluate the specific move order used in this game, we
should refer briefly to the following variation of the symmetrical Grünfeld:} 
1. d4 Nf6 2. c4 g6 3. Nf3 Bg7 4. g3 c6 ({Theory considers that Black is better
advised to occupy the centre before the mutual castling. I am not entirely
sure about it, but maybe in some lines the white king is slightly more exposed
than its rival, while the lack of connection between rooks may also tell.} 4...
O-O 5. Bg2 c6 6. O-O d5 7. b3 dxc4 8. bxc4 c5 {is another important branch,
though.} 9. Bb2 Qb6 10. Qb3 Ne4 11. e3 Nc6 12. Ne5 {Giri,A (2672)-Nielsen,P 
(2700)/Amsterdam 2010/CBM 138 (1-0, 39)}) 5. Bg2 d5 6. b3 dxc4 ({If} 6... O-O
7. Bb2 Ne4 8. O-O {followed by Nc3, e3, Qe2, Rfc1, White retains a long
lasting queenside initiative, as I learned from the games of Nebojsa Nikolic
and managed to prove in some of my own games.}) 7. bxc4 c5 8. Bb2 cxd4 9. Nxd4
Qb6 10. Qb3 Nfd7 $13 {Fressinet,L (2693)-Timofeev,A (2650)/Plovdiv 2012/CBM
148 (1-0, 32)}) 1... c6 2. Nf3 d5 3. g3 g6 4. Bg2 Bg7 5. O-O Nf6 6. b3 $5 {
This is the virtually unexplored move order I had recommended in my second
volume of the English Opening trilogy, published by Quality Chess.} dxc4 (6...
e5 $5 $146 {is an interesting move which did not cross my mind when writing
the book.} 7. Nxe5 {Picking up the gauntlet.} ({White can also play in the
spirit of a reversed Alekhine Defence:} 7. Bb2 e4 8. Ne1 O-O 9. cxd5 cxd5 10.
d3 {Still, after} Nc6 {Black seems to be doing fine.}) 7... Ng4 {The most
restrictive way to attack the daring knight.} ({If} 7... Nfd7 {White can
deviate from the actual course of the game with} 8. Nxd7 $1 Bxa1 9. Nxb8 Rxb8
10. cxd5 cxd5 11. Nc3 Be6 12. Ba3 Bxc3 13. dxc3 $44) 8. f4 dxc4 (8... Nxe5 9.
fxe5 Bxe5 10. d4 Bg7 11. Ba3 $1 dxc4 12. e3 cxb3 13. Nd2 $1 $44 {Black is far
behind in development and castling will cost him several tempi.}) 9. Bb2 Nxe5
10. fxe5 Be6 11. Na3 {This does not create the threat of taking on c4, because
the b2-bishop would be hanging to ...Qb6+.} (11. Bc3 {deserves attention, for
instance:} Nd7 12. bxc4 Nxe5 13. d3 {White is somewhat behind in development,
but his centre may become threatening in the long run.}) 11... Nd7 12. Qc1 cxb3
13. Nc4 O-O 14. d4 bxa2 {Black has normal development and no weaknesses at all,
so he can afford to grab every pawn he can! White's next move is careless,
allowing an elegant tactical operation, but it is not easy to suggest anything
constructive.} 15. Ba3 $2 Nxe5 $3 16. dxe5 Qd4+ 17. Ne3 Qxe5 18. Bxf8 Rxf8 $19
{Spoelman,W (2580)-Giri,A (2642)/Eindhoven 2010/CBM 137 (0-1, 32). The a2-pawn
sustained by the bishops is a kiler, although White is a rook up. Besides,
there are several other pawns waiting to get into motion...}) (6... Ne4 7. d4
O-O 8. Bb2 {is precisely what Black intends to avoid.}) 7. bxc4 Ne4 8. d4 c5 9.
Qc2 {Still following the line from my book.} Nc6 $5 {But this developing move,
ignoring the attacked knight, is a big surprise! Still, it may not suffice for
equality.} ({My main line goes} 9... Nd6 10. dxc5 Bxa1 11. cxd6 {with strong
compensation for the exchange.}) 10. Qxe4 Bf5 11. Qe3 {Probably the best
retreat.} ({If} 11. Qf4 {play may flow towards equality (or just a symbolic
white advantage)} Nxd4 12. Nxd4 Qxd4 (12... Bxd4 13. Rd1 Bxf2+ 14. Kxf2 Qxd1
15. Nd2) 13. Bxb7 Rd8 14. Bc6+ Bd7 (14... Kf8 15. Qxd4 Bxd4 16. Bh6+ Kg8 17.
Nd2 $16) 15. Qxd4 Bxd4 16. Bxd7+ Rxd7 17. Nc3 Bxc3 18. Rb1 O-O 19. Rb3 Be5 $11)
11... Nxd4 12. Ne1 {White puts his bid on a position with two minor pieces for
a rook, but his pieces will be a bit passive when the complications will have
calmed down.} ({The developing} 12. Nc3 $5 {(as a fair answer to 9...Nc6) may
offer better chances for an advantage:} Nc2 13. Qxc5 Nxa1 14. Bb2 Nc2 ({
The repeated attack against the queen initiated by} 14... Rc8 {fails to bother
White:} 15. Qxa7 Ra8 16. Qc5 Rc8 17. Qb5+ Bd7 18. Qb4 Nc2 19. Qb3 Nd4 20. Nxd4
Bxd4 21. Rd1 $16 {White has a pawn for the exchange and a strong initiative.})
15. Nd5 $3 {Destroying Black's illusions of keeping the white initiative under
control by means of the pin along the long diagonal.} Bxb2 {This needs to be
checked in the first line, of course.} ({objectively} 15... Rc8 {may be a
lesser evil} 16. Qb5+ Kf8 17. Rd1 $16) 16. Qb5+ Kf8 (16... Qd7 17. Nc7+ Kd8 18.
Qxb2 Kxc7 19. Ne5 Qc8 20. Nxf7 $18) 17. Qxb2 f6 18. Nh4 $18) 12... Nxe2+ 13.
Qxe2 Bxa1 14. Bxb7 Rb8 15. Bc6+ Kf8 $1 {A very accurate move.} ({If} 15... Bd7
16. Bxd7+ Qxd7 17. Nd2 Bb2 {White has} 18. Ne4 $1 $16 {activating the knight,
based on the fact that the c1-bishop is taboo in view of the fork on f6.
Besides, Black needs his f5-bishop to restrict the other knight as well.}) 16.
Nd2 Bb2 17. Nb3 (17. Nef3 $5 {is an important alternative, which should not
change the evaluation too much:} Bd3 18. Qe3 Bxf1 19. Bxb2 Rxb2 20. Qe5 f6 21.
Qxb2 Bh3 22. Ng5 Bf5 {With balanced play. Since White does not have stable
squares for his pieces along the d-file, the activation of the black rook is
inevitable, with possible dangers for the white king.}) 17... Bxc1 18. Nxc1 Qd6
19. Bd5 Kg7 20. Nb3 Rhd8 {Black's development is superior, which fully
compensates for the minimal material disadvantage.} 21. Qe3 e6 22. Bf3 Kg8 23.
Ng2 (23. Nxc5 Qd4 $5 24. Nb7 Qxe3 25. fxe3 Rd7 26. Na5 Rc7 27. g4 Bb1 28. Rf2
Rb6 29. Rd2 Rc5 {The c4-pawn will fall and Black's rooks will burst into
activity.}) 23... Qa6 24. Qxc5 Bd3 25. Re1 Bxc4 26. Ne3 Bxb3 27. axb3 Rxb3 28.
Kg2 {White has finally managed to regroup properly, but it is Black who has a
minimal material advantage now. Since the exchange of quens would lead to a
dangerous endgame, White needs to seek an immediate kingside attack.} Qb6 29.
Qe7 Rdd3 30. Ng4 Qd8 (30... Rxf3 {also leads to a draw:} 31. Rd1 $1 Kg7 32. Rd8
Rxf2+ 33. Nxf2 Rb2 34. Qf8+ Kf6 35. Qh8+ Ke7 $11 (35... Kf5 36. g4+ Kf4 37.
Qf6+ Ke3 38. Qe5#) (35... Kg5 36. h4+ Kh6 37. Qf8+ Kh5 38. g4+ Kxh4 39. Qh6#))
31. Nf6+ Kg7 (31... Kh8 32. Qxf7 $18) 32. Ne8+ Kg8 33. Nf6+ Kg7 34. Ne8+ Kg8
1/2-1/2

[Event "Bundesliga 0405"]
[Site "Germany"]
[Date "2005.02.13"]
[Round "11.2"]
[White "Schebler, Gerhard"]
[Black "Votava, Jan"]
[Result "0-1"]
[WhiteElo "2496"]
[BlackElo "2505"]
[Annotator "Marin,M"]
[PlyCount "142"]
[EventDate "2004.11.12"]
[EventType "team-tourn"]
[EventRounds "15"]
[EventCountry "GER"]
[SourceTitle "CBM 106"]
[Source "ChessBase"]
[SourceDate "2005.06.06"]
[SourceVersion "1"]
[SourceVersionDate "2005.06.06"]
[SourceQuality "1"]
[WhiteTeam "Muelheim Nord"]
[BlackTeam "Erfurt"]
[WhiteTeamCountry "GER"]
[BlackTeamCountry "GER"]

1. c4 {Mueller,Karsten} c6 2. g3 d5 3. Bg2 Nf6 4. Nf3 g6 5. b3 Bg7 6. Bb2 O-O
7. O-O Bg4 8. d3 Qc8 {To my taste, this is a rather artificial idea. Black
loses valuable time in order to exchange the light squared bishops. In doing
so, he neglects both his development and the fight for the e5-square.} (8...
Bxf3 9. Bxf3 Nbd7) (8... Nbd7 9. Nbd2 Re8) 9. Qc2 {But this is not the most
accurate way of taking advantage of the unfavourable placement of the black
queen. It is quite curious that Schebler deviates from a previous game of his,
where he obtained an opening advantage.} (9. Nbd2 Bh3 10. Rc1 {forces Black to
spend another tempo on a queen move.} Bxg2 11. Kxg2 Qd8 12. Rc2 (12. Qc2 Na6 $6
(12... a5 $5 {/\ Na6}) 13. a3 Rc8 14. b4 Nb8 15. Qb3 e6 16. e4 $1 $14 {1-0
Vukic,M-Gligoric,S/Jugoslavija 1987 (41)}) 12... Ne8 (12... a5) 13. Qa1 Bxb2
14. Qxb2 Nf6 15. Rfc1 Na6 16. b4 $14 {1-0 Schebler,G-Gasthofer,A/Griesheim
2002/EXT 2003 (68)}) (9. Re1 $5 {also makes some sense, in order to preserve
the bishop. Black's attaking chances are not too realistical in this case.} Bh3
10. Bh1 Rd8 11. Nbd2 Na6 12. Rc1 Qf5 13. a3 Qh5 14. b4 Nc7 15. cxd5 Ncxd5 16.
Nc4 Bh6 17. e3 Ng4 18. Nfe5 (18. Nce5 Ngxe3 $5) 18... Ndf6 (18... f6 19. Nxg4
Bxg4 20. f3 Be6 21. f4 $14) 19. Rc2 Bg7 20. Qa1 $14 {1-0 Tratar,M-Groetz,H/
Salzburg 2004/CBM 102 ext (35)}) 9... Bh3 10. Nbd2 Bxg2 11. Kxg2 Nbd7 12. cxd5
$6 {But this exchange is really premature.} (12. Rac1 $142 {[%cal Yc2b1,Yb1a1,
Rc1c8,Rb2g7]}) 12... cxd5 13. Rac1 Qxc2 14. Rxc2 Rfc8 15. Rfc1 Nb6 16. Be5 Rxc2
17. Rxc2 Rc8 18. Rxc8+ Nxc8 $11 {Once the rooks have been exchanged, White
cannot claim any advantage by minor piece pressure alone.} 19. e4 e6 20. Kf1
Ne7 21. Ke2 Nc6 22. Bd6 Ne8 23. Bc5 b6 24. exd5 exd5 25. Be3 Nc7 26. Nb1 b5 27.
Bf4 Ne6 28. Bd6 a6 29. Na3 g5 30. h3 f5 31. Nc2 Kf7 32. Ke3 g4 33. hxg4 fxg4
34. Nh4 Bh6+ 35. f4 gxf3+ 36. Kxf3 Kf6 37. Kf2 Bc1 38. Nf3 Bb2 39. Nb4 Nxb4 40.
Bxb4 Kf5 41. Bd6 h5 42. Kg2 Ng7 43. Nh4+ Kg4 44. Nf3 Ne8 45. Bb4 Kf5 46. Nh4+
Ke6 47. Kf3 Nf6 48. Ng6 Kf5 49. Nh4+ Ke6 50. Ng6 Ng4 51. Bd2 Kf5 52. Ne7+ Ke6
53. Ng6 Be5 54. Nh4 Nh2+ 55. Kg2 Bxg3 56. Kxg3 Nf1+ 57. Kf4 Nxd2 58. Nf5 b4 59.
Ng7+ Kd6 60. Ke3 Nb1 61. Nxh5 Nc3 62. d4 Nxa2 63. Kd2 Nc3 64. Nf4 a5 65. Nd3 {
'?' Mueller,Karsten.} (65. Ng2 $1 {(Mueller,Karsten) was indicated, with good
drawing chances, e.g. mit guten Remischancen war angesagt, z.B.} Ke6 (65... Kc6
66. Ne3 Kb5 67. Kc2 a4 68. bxa4+ Kxa4 69. Kb2 $11 {does not make it here.
schlägt hier nicht durch.}) 66. Ne3 Kf6 67. Kd3 Kg5 68. Kc2 Kf4 69. Kd3 Kf3 70.
Nf5 Ne2 71. Nd6 Nf4+ 72. Kd2 Nh3 73. Nb7 Ke4 74. Nxa5 Kxd4 75. Nc6+ Kc5 76. Ne5
Nf4 77. Ke3 Ne6 78. Nd3+ $11) 65... Kc6 66. Nf4 ({After Nach} 66. Kc2 {
(Mueller,Karsten) the black knight draws the king as far away to the kingside
as possible. zieht der schwarze Springer den König so weit wie möglich zum
Königsflügel:} Ne2 67. Ne5+ Kb5 68. Kd3 Nf4+ 69. Ke3 Ng2+ 70. Kf2 Nh4 71. Ke2
Nf5 72. Kd3 a4 $19) 66... Kb5 67. Kc2 a4 68. bxa4+ (68. Kb2 {Mueller,Karsten}
a3+ 69. Ka1 Ka5 $22 70. Ne6 Ne2 $22 71. Kb1 Kb6 72. Ka1 Nc1 73. Nc5 Kb5 74. Kb1
Ne2 75. Ne6 Kc6 76. Nd8+ Kd7 $19) 68... Kxa4 69. Kb2 Nd1+ 70. Kc1 Ne3 71. Kb2
b3 0-1

[Event "EU-ch 6th"]
[Site "Warsaw"]
[Date "2005.06.18"]
[Round "1"]
[White "Chuchelov, Vladimir"]
[Black "Bruno, Fabio"]
[Result "1-0"]
[WhiteElo "2571"]
[BlackElo "2374"]
[Annotator "Marin,M"]
[PlyCount "95"]
[EventDate "2005.06.18"]
[EventType "swiss"]
[EventRounds "13"]
[EventCountry "POL"]
[SourceTitle "CBM 108"]
[Source "ChessBase"]
[SourceDate "2005.09.26"]
[SourceVersion "1"]
[SourceVersionDate "2005.09.26"]
[SourceQuality "1"]

1. Nf3 d5 2. g3 Nf6 3. Bg2 Bf5 4. O-O h6 5. c4 c6 6. d3 e6 7. cxd5 exd5 8. Qb3
$5 {Although ocasionally played, this is not the most popular move order.} ({
The main line goes} 8. Nc3 Be7 {Black interferes the e-file, in order to take
measures against White's planned e4.} (8... Nbd7 {allows} 9. e4 {immediately,
when Black has problems completing his development, for instance} dxe4 10. dxe4
Be6 11. e5 Nd5 12. Nd4 Nxc3 13. bxc3 Nc5 14. Ba3 Bd5 15. Nf5 $16 {1-0
Dizdarevic,E (2505)-Vujosevic,V (2380)/Cetinje 1991/EXT 98 (26)}) 9. Qb3 Qb6
10. e4 $1 {Nevertheless! Even if the capture on e4 is possible, it would lead
to problems for Black.} dxe4 11. dxe4 Bh7 (11... Be6 12. Qc2 Nbd7 13. Be3 Qa5
14. Nd4 Bc4 15. Nce2 Bxe2 16. Qxe2 O-O 17. Nf5 Rfe8 18. Rfd1 Bf8 19. Nd6 Re6
20. Nc4 Qa6 21. Qc2 Bc5 22. Bxc5 Nxc5 23. e5 Ne8 24. f4 $16 {1-0 Dizdar,G 
(2505)-Pablo Marin,A (2395)/Seville 1987/EXT 99 (39)}) (11... Nxe4 12. Nd4 $1
Qxb3 13. axb3 Nd6 (13... Nxc3 14. Nxf5 Ne2+ 15. Kh1 Nxc1 16. Re1 $1 $16) 14.
Re1 (14. Ncb5 $5) 14... Kf8 15. Bf4 $36) (11... Bxe4 12. Nxe4 Nxe4 13. Qc2 Nf6
14. Re1 $32) (11... Qxb3 12. axb3 Bxe4 13. Nxe4 Nxe4 14. Nd4 $44) 12. Qc4 Qa6
13. Qd4 O-O 14. e5 Nfd7 15. Qg4 Kh8 16. Rd1 Nc5 17. Be3 Ne6 18. Nd4 Nxd4 19.
Bxd4 Qa5 20. a3 Bc2 21. b4 Qc7 22. Be4 Bxe4 (22... Bxd1 23. Rxd1 $18 {[%csl
Ya8,Yb8,Yh8] /\Qf5->} (23. Qf5 g6 24. e6+ $2 Kh7 25. exf7 Qd6 $1 26. Rxd1 gxf5
27. Bxf5+ Qg6 $19)) 23. Nxe4 Qc8 24. Qh5 a5 25. Bc5 Bxc5 26. bxc5 $16 {1-0
Dizdar,G (2490)-Ekstroem,R (2430)/Liechtenstein 1988/EXT 97 (37)}) 8... Nbd7 {
This is supposed to take advantage of White's move order.} (8... Qb6 9. Qc2 (9.
Nc3 $6 Qxb3 (9... Be7 10. e4 {transposes above}) 10. axb3 Nbd7 11. e4 dxe4 12.
dxe4 Be6 13. Nd4 Bc5 14. Nce2 Bb6 15. Nxe6 fxe6 16. Nf4 g5 17. Nd3 (17. Nxe6 $2
Kf7 $19) 17... O-O-O 18. b4 Rhf8 19. Bd2 Bd4 (19... Nb8 $5 20. Ra3 Ng4 21. Be1
Na6 {[%cal Ya6c7,Yc7b5]}) 20. Bc3 Bxc3 $14 {1/2-1/2 Horvath,C (2445)-Ivanchuk,
V (2535)/Debrecen 1988/CBM 009}) 9... Be7 (9... Nbd7 10. Nc3 Bb4 $6 11. Be3 Qa6
12. a3 Bxc3 13. Qxc3 O-O 14. b4 Qa4 15. Nd4 Bg6 16. Rfc1 $14 {1-0 Horvath,C 
(2390)-Kuijf,M (2450)/Rotterdam 1988/CBM 009 (56)}) 10. Nc3 O-O ({In case of
the over-cautious} 10... Bh7 $6 {White can change his plans with} 11. Rb1 $5
O-O 12. b4 Nbd7 13. Be3 Qd8 14. Na4 $14 {1-0 Ivanisevic,I (2537)-Megaranto,S 
(2420)/Bled 2002/EXT 2003 (35)}) 11. e4 dxe4 12. dxe4 Bh7 13. Be3 Qa5 14. Nd4 (
{Shortly before, Markowsky tried a less sophisticated way of questioning the
stability of the black queen, but failed to get an advantage:} 14. a3 Nbd7 15.
Rfd1 Nb6 16. Bd4 c5 17. Be5 Rfe8 18. Nd2 c4 19. Bd4 Rac8 20. Nf1 Nfd7 21. Ne3
Nc5 22. Rab1 Bf8 23. h4 Ne6 24. Bxb6 Qxb6 25. Ncd5 {1/2-1/2 Markowski,T (2587)
-Socko,B (2577)/Warsaw 2003/CBM 095}) 14... Nbd7 15. Nb3 {White has
transferred the knight on the queen side, in order to start the thematic
minority's attack.} Qh5 (15... Qc7 16. Rad1 $14) 16. Qd1 $1 {Eliminating any
king side danger and removing the main defender of the a5-square.} Qxd1 17.
Rfxd1 {[%cal Yb3a5,Ya2a3,Yb2b4]} a5 {[%csl Yb6]} 18. Na4 $1 b5 19. Nac5 Nb6 20.
a4 Nc4 21. Bd4 Rab8 (21... Rfb8 22. axb5 {[%cal Rg2a8,Re4e5]} Rxb5 $8 23. Bf1
$16) 22. axb5 cxb5 23. Nxa5 $6 (23. e5 $1 Ng4 24. Nxa5 Nxa5 (24... Ngxe5 25.
Nxc4 Nxc4 26. Nd7 $16) 25. Rxa5 Rfd8 26. Nb7 $16) 23... Nxa5 24. Rxa5 Rfd8 $44
{1-0 Markowski,T (2587)-Dzhakaev,D (2465)/Istanbul 2003/CBM 096 (50)}) 9. Be3
$1 $146 {A strong novelty, denying to the enemy queen the b6-square and
revitalizing the line starting with 8.Qb3.} (9. Nc3 Qb6 (9... Nc5 $5) 10. Be3
$6 (10. e4 Qxb3 11. axb3 dxe4 12. dxe4 Be6 {transposes to Horvath-Ivanchuk,
above}) 10... Qxb3 11. axb3 a6 12. h3 Bd6 13. Rfc1 O-O 14. Na4 Rfe8 15. g4 Bh7
16. Bf1 Rad8 17. Nc5 Nxc5 18. Bxc5 Bf4 19. Rc2 h5 $132 {0-1 Sahu,S (2380)
-Barua,D (2455)/Coimbatore 1987/EXT 97 (34)}) (9. Qxb7 $6 Nc5 10. Qb4 (10.
Qxc6+ $2 Bd7 $19) 10... Nxd3 $13) 9... Qb8 (9... Qc8 $14) 10. Bf4 Nc5 $6 (10...
Qc8 $14) 11. Bxb8 Nxb3 12. axb3 Rxb8 13. Rxa7 Bd6 14. Nc3 O-O 15. Rc1 Rfe8 16.
d4 Bc7 17. e3 $16 {Black has no compensation for the sacrificed pawn.} Bb6 18.
Raa1 Nd7 19. b4 Ra8 20. Nd2 Ra7 21. Rxa7 Bxa7 22. Nb3 Nb6 23. Na5 Rb8 24. b5
Bd7 25. b4 Nc4 26. Bf1 Nd6 27. bxc6 bxc6 28. Nxd5 cxd5 29. Rc7 Bg4 30. Rxa7
Rxb4 31. Nc6 Rb1 32. Kg2 Ne4 33. Ra2 g6 34. Bd3 Rd1 35. Ne5 Be6 36. Be2 Re1 37.
Nd3 Rb1 38. Nf4 Kg7 39. Nxe6+ fxe6 40. Bd3 Rb6 41. Bxe4 dxe4 42. Ra5 Kf6 43.
Re5 g5 44. g4 Rb8 45. Rxe4 h5 46. h4 Rg8 47. gxh5 gxh4+ 48. Kf3 1-0